Which Asian Lake? - Statistics

General Stats
  • This quiz has been taken 93 times
  • The average score is 8 of 16
Answer Stats
Hint Lake % Correct
Is both the deepest and oldest lake in the world Lake Baikal
100%
Salty inland sea found at 430 meters below sea level Dead Sea
95%
Where most of the rarest and costliest varieties of caviars come from Caspian Sea
90%
Inland sea nearly destroyed by Soviet irrigation starting in the 1960s Aral Sea
88%
It was said that Jesus walked on it (according to the Bible) Sea of Galilee
79%
Largest reservoir on Euphrates named for a former Syrian dictator Lake Assad
64%
Largest lake in Kazakhstan Lake Balkhash
51%
The deepest lake whose deepest point is above sea level – Kyrgyz for "warm lake" {Issyk}-Kul
37%
Largest lake whose English-language name spelling consists of only three letters Lake Van
37%
Its name means "Fresh River" in Khmer Tonlé {Sap}
34%
Namesake of the largest Chinese province Qinghai Lake
31%
Supervolcano that erupted 74,000 years ago, nearly causing humans to become extinct Lake Toba
28%
Philippine lake named for a town on its shores, not a synonym of the word "gulf" Laguna de {Bay}
22%
Kyoto–Osaka–Kobe metro area sits between Seto Inland Sea and this lake Lake Biwa
21%
This lake makes up roughly 4% of Armenia’s total land area Lake Sevan
20%
Was the largest lake in the Middle East before being shrunken to 10% of its former size Lake Urmia
20%
No matching quizzes found
Score Distribution
Percent of People with Each Score
Percentile by Number Answered
Your Score History
You have not taken this quiz